000 00518nam a22001697a 4500
005 20251108172104.0
008 250721s1983 xx 000 0 ara d
082 1 4 _a549/عاد
100 1 _aحسن، عادل محمود
245 1 0 _aمبادئ علم المعادن /
264 1 _aبغداد :
_bوزارة التعليم العالي و البحث العلمي،
_c1983.
300 _a245ص
650 1 7 _aالمعادن
700 1 _aعلي، فداء صفاء محمد
942 _2ddc
_cBK
999 _c70162
_d70162